Healing the hospital environment (Record no. 100426)
[ view plain ]
| 000 -LEADER | |
|---|---|
| fixed length control field | 01067cam a2200253 4500 |
| 001 - CONTROL NUMBER | |
| control field | |
| 008 - FIXED-LENGTH DATA ELEMENTS--GENERAL INFORMATION | |
| fixed length control field | 000000n1999 000 0 eng u |
| 020 ## - INTERNATIONAL STANDARD BOOK NUMBER | |
| International Standard Book Number | 0419231706 |
| 035 ## - SYSTEM CONTROL NUMBER | |
| System control number | (Sirsi) u105587 |
| 050 ## - LIBRARY OF CONGRESS CALL NUMBER | |
| Classification number | 711.555 |
| -- | 18 |
| 100 ## - MAIN ENTRY--PERSONAL NAME | |
| Personal name | Hoskins, Sarah |
| 245 ## - TITLE STATEMENT | |
| Title | Healing the hospital environment |
| Remainder of title | design management and maintenance of healthcare premises |
| 260 ## - PUBLICATION, DISTRIBUTION, ETC. | |
| Place of publication, distribution, etc. | London |
| Name of publisher, distributor, etc. | E and F N Spon |
| Date of publication, distribution, etc. | 1999 |
| 300 ## - PHYSICAL DESCRIPTION | |
| Extent | xviii. 193p. |
| Other physical details | ill |
| Dimensions | 28cm. |
| 350 ## - PRICE (NR) (BK AM CF MU VM SE) [OBSOLETE] | |
| Price | 32.50 |
| 520 ## - SUMMARY, ETC. | |
| Summary, etc. | Written to inform those who are responsible for healthcare environments, it gives a wide range of examples of effective improvement in design management and maintenance of all types of healthcare premises and their surrounding lands. It is also intended to help design professionals adapt to the particular requirements of these buildings and their wide range of functions. |
| 650 ## - SUBJECT ADDED ENTRY--TOPICAL TERM | |
| Topical term or geographic name entry element | HOSPITALS |
| 650 ## - SUBJECT ADDED ENTRY--TOPICAL TERM | |
| Topical term or geographic name entry element | HEALTH BUILDINGS |
| 650 ## - SUBJECT ADDED ENTRY--TOPICAL TERM | |
| Topical term or geographic name entry element | NHS PROPERTY |
| 650 ## - SUBJECT ADDED ENTRY--TOPICAL TERM | |
| Topical term or geographic name entry element | ESTATES MANAGEMENT |
| 690 ## - LOCAL SUBJECT ADDED ENTRY--TOPICAL TERM (OCLC, RLIN) | |
| Topical term or geographic name as entry element | MANAGEMENT-FACILITIES MANAGEMENT |
| 700 ## - ADDED ENTRY--PERSONAL NAME | |
| Personal name | Haggard, Liz |
| 942 ## - ADDED ENTRY ELEMENTS (KOHA) | |
| Suppress in OPAC | 0 |
| Withdrawn status | Lost status | Source of classification or shelving scheme | Damaged status | Not for loan | Home library | Current library | Shelving location | Date acquired | Cost, normal purchase price | Total Checkouts | Full call number | Barcode | Date last seen | Date last checked out | Copy number | Cost, replacement price | Price effective from | Koha item type |
|---|---|---|---|---|---|---|---|---|---|---|---|---|---|---|---|---|---|---|
| Dewey Decimal Classification | London | London | Folio | 16/05/2000 | 32.50 | 4 | 711.555 HOS | 30061339 | 06/08/2019 | 13/06/2003 | 1 | 32.50 | 06/08/2019 | Book |